Mastering import & export management / (Record no. 601038)
[ view plain ]
| 000 -LEADER | |
|---|---|
| fixed length control field | 00285nam a2200109Ia 4500 |
| 008 - FIXED-LENGTH DATA ELEMENTS--GENERAL INFORMATION | |
| fixed length control field | 230907s9999||||xx |||||||||||||| ||und|| |
| 082 ## - DEWEY DECIMAL CLASSIFICATION NUMBER | |
| Classification number | 658.84 |
| Author Mark | COO |
| 100 ## - MAIN ENTRY--PERSONAL NAME | |
| Personal name | Cook, Thomas A., |
| 9 (RLIN) | 19156 |
| 245 #0 - TITLE STATEMENT | |
| Title | Mastering import & export management / |
| 300 ## - PHYSICAL DESCRIPTION | |
| Extent | xii, 723 pages : |
| 942 ## - ADDED ENTRY ELEMENTS (KOHA) | |
| Koha item type | Book |
| Withdrawn status | Lost status | Damaged status | Not for loan | Permanent Location | Current Location | Date acquired | Total Checkouts | Full call number | Barcode | Date last seen | Price effective from | Koha item type |
|---|---|---|---|---|---|---|---|---|---|---|---|---|
| US-Pakistan Center for Advanced Studies in Energy (USPCAS-E) | US-Pakistan Center for Advanced Studies in Energy (USPCAS-E) | 11/18/2019 | 658.84 COO | CAS-E0005137 | 09/12/2023 | 09/12/2023 | Book |
